[Event "Hessen-ch op-A"]
[Site "Floersheim"]
[Date "2016.05.08"]
[Round "7"]
[White "Hoehler, Robin"]
[Black "Hahn, Florian"]
[Result "0-1"]
[WhiteElo "1792"]
[BlackElo "2110"]
[PlyCount "56"]
[EventDate "2016.05.05"]
[EventType "swiss"]
[EventRounds "7"]
[EventCountry "GER"]
[SourceTitle "EXT 2022"]
[Source "ChessBase"]
[SourceDate "2021.10.06"]
[SourceVersion "1"]
[SourceVersionDate "2021.10.06"]
[SourceQuality "1"]

1. d4 d5 2. e3 Nf6 3. f4 g6 4. Nf3 Bg7 5. Bd3 b6 6. 0-0 Ba6 7. c3 Bxd3 8. Qxd3 0-0 9. Nbd2 c5 10. Ne5 Qc7 11. Ndf3 Nbd7 12. Ng5 Ne8 13. Rf3 e6 14. Rh3 Ndf6 15. Bd2 Nd6 16. Qe2 Nde4 17. Nxe4 Nxe4 18. Be1 f6 19. Nd3 e5 20. dxe5 fxe5 21. Nxe5 Bxe5 22. fxe5 Qxe5 23. Bg3 Qe6 24. Rf1 Rxf1+ 25. Qxf1 Ng5 26. Rh4 Qxe3+ 27. Bf2 Qe6 28. Rf4 Re8 0-1

[Event "Hessen-ch op-A"]
[Site "Floersheim"]
[Date "2016.05.07"]
[Round "5"]
[White "Hoehler, Robin"]
[Black "Reiter, Hans Ernst"]
[Result "1-0"]
[WhiteElo "1792"]
[BlackElo "2037"]
[PlyCount "85"]
[EventDate "2016.05.05"]
[EventType "swiss"]
[EventRounds "7"]
[EventCountry "GER"]
[SourceTitle "EXT 2022"]
[Source "ChessBase"]
[SourceDate "2021.10.06"]
[SourceVersion "1"]
[SourceVersionDate "2021.10.06"]
[SourceQuality "1"]

1. d4 Nf6 2. c4 e5 3. dxe5 Ng4 4. Nf3 Bc5 5. e3 Nc6 6. Nc3 Ngxe5 7. Nxe5 Nxe5 8. Be2 0-0 9. a3 Re8 10. b4 Bf8 11. 0-0 d6 12. Bb2 Be6 13. Nd5 c6 14. f4 cxd5 15. cxd5 Nd7 16. dxe6 fxe6 17. Bc4 Nf6 18. Qf3 d5 19. Bd3 a5 20. Qh3 Ne4 21. Rad1 Qc8 22. Rc1 Qd7 23. f5 Rac8 24. Rcd1 exf5 25. Rxf5 Qc6 26. Qg4 Qh6 27. Bd4 Bd6 28. Rh5 Qg6 29. Qxg6 hxg6 30. Rxd5 Bc7 31. Bxe4 Rxe4 32. Rd7 Be5 33. Rxb7 axb4 34. axb4 Bxd4 35. exd4 Re2 36. Rb5 Rcc2 37. Rg5 Kh7 38. d5 Kh6 39. h4 Re4 40. d6 Rc8 41. d7 Rd8 42. Rc5 Re7 43. Rc8 1-0

[Event "Hessen-ch op-A"]
[Site "Floersheim"]
[Date "2016.05.05"]
[Round "1"]
[White "Roediger, Thomas"]
[Black "Hoehler, Robin"]
[Result "1/2-1/2"]
[WhiteElo "2024"]
[BlackElo "1792"]
[PlyCount "71"]
[EventDate "2016.05.05"]
[EventType "swiss"]
[EventRounds "7"]
[EventCountry "GER"]
[SourceTitle "EXT 2022"]
[Source "ChessBase"]
[SourceDate "2021.10.06"]
[SourceVersion "1"]
[SourceVersionDate "2021.10.06"]
[SourceQuality "1"]

1. d4 e6 2. c4 f5 3. Nc3 Nf6 4. Nf3 d5 5. Qc2 c6 6. e3 Bd6 7. Be2 0-0 8. Ne5 Nbd7 9. f4 Ne4 10. Nxe4 dxe4 11. Bd2 c5 12. Nxd7 Bxd7 13. Bc3 Bc6 14. 0-0-0 cxd4 15. Bxd4 Qe7 16. Kb1 Bc5 17. Qc3 Rfc8 18. Bxc5 Qxc5 19. Rd2 b5 20. cxb5 Bxb5 21. Qxc5 Rxc5 22. Bxb5 Rxb5 23. Rc1 Rab8 24. b3 a5 25. Kb2 a4 26. Rc3 R5b7 27. Rd4 axb3 28. Rxb3 Kf7 29. g3 h6 30. Rc4 Rxb3+ 31. axb3 Rd8 32. Kc2 Ra8 33. Ra4 Rd8 34. Rc4 Ra8 35. Ra4 Rd8 36. Rc4 1/2-1/2

[Event "Rhein Main op 10th"]
[Site "Bad Homburg"]
[Date "2007.06.08"]
[Round "4"]
[White "Ewin, Hans Peter"]
[Black "Hoehler, Robin"]
[Result "1-0"]
[WhiteElo "1953"]
[BlackElo "1482"]
[PlyCount "37"]
[EventDate "2007.06.06"]
[EventType "swiss"]
[EventRounds "7"]
[EventCountry "GER"]
[SourceTitle "EXT 2008"]
[Source "ChessBase"]
[SourceDate "2007.11.25"]
[SourceVersion "1"]
[SourceVersionDate "2007.11.25"]
[SourceQuality "1"]

1. e4 e6 2. d4 d5 3. Nc3 Nf6 4. Bg5 Bb4 5. e5 h6 6. Bd2 Nfd7 7. a3 Be7 8. b4 b6 9. b5 c5 10. bxc6 Nxc6 11. Nf3 Bb7 12. Bd3 Rc8 13. Ne2 0-0 14. h4 Na5 15. Qc1 f5 16. Bxh6 gxh6 17. Qxh6 Kf7 18. Nf4 Rg8 19. Qh5+ 1-0

[Event "Rhein Main op 10th"]
[Site "Bad Homburg"]
[Date "2007.06.06"]
[Round "1"]
[White "Hoehler, Robin"]
[Black "Reinl, Walter"]
[Result "1/2-1/2"]
[WhiteElo "1482"]
[BlackElo "1638"]
[PlyCount "53"]
[EventDate "2007.06.06"]
[EventType "swiss"]
[EventRounds "7"]
[EventCountry "GER"]
[SourceTitle "EXT 2008"]
[Source "ChessBase"]
[SourceDate "2007.11.25"]
[SourceVersion "1"]
[SourceVersionDate "2007.11.25"]
[SourceQuality "1"]

1. e3 c5 2. f4 Nf6 3. Nf3 d5 4. d4 c4 5. Be2 Nc6 6. 0-0 Bg4 7. Ne5 Bxe2 8. Qxe2 Ne4 9. Nd2 Nxd2 10. Bxd2 Qb6 11. Bc3 e6 12. Qh5 g6 13. Qh4 Be7 14. Qh6 Bf8 15. Qh4 Be7 16. Qe1 f6 17. Nf3 0-0-0 18. b3 g5 19. bxc4 dxc4 20. fxg5 Rhg8 21. Qe2 Qa6 22. Nd2 Rxg5 23. Qxc4 Qxc4 24. Nxc4 Rdg8 25. g3 h5 26. Kh1 f5 27. Na5 1/2-1/2